• 首页
  • 本馆介绍
  • 公告通知
  • 最新文献
  • 馆藏检索
  • 电子资源
  • 读者导购
  • 参考咨询
  • 我的图书馆
  • 登录
  • 详细信息显示
  • 放入我的书架
  • 预约/预借图书
  • 作者相关作品
  • 分类相关作品
  • 丛书相关作品
  • 出版社相关作品

书目信息

  • 表格格式
  • 工作单格式
  • 卡片格式
题名:
机电一体化技术实训教程
    
 
作者: 江凌云 编著
分册:  
出版信息: 北京   电子工业出版社  2014.09
页数: 297页
开本: 26cm
丛书名:
单 册:
中图分类: TH-39
科图分类:
主题词: 机电一体化--高等职业教育--教材 , 机电一体化
电子资源:
ISBN: 978-7-121-24404-9
000 01028nam0 2200265 450
001 0120141412398
005 20170327082550.07
010    @a978-7-121-24404-9@dCNY45.00
100    @a20141124d2014 em y0chiy0110 ea
101 0  @achi
102    @aCN@b110000
105    @aak z 000yy
106    @ar
200 1  @a机电一体化技术实训教程@9ji dian yi ti hua ji shu shi xun jiao cheng@f江凌云编著
210    @a北京@c电子工业出版社@d2014.09
215    @a297页@c图@d26cm
300    @a全国高等职业教育规划教材·精品与示范系列 全国高等职业教育“十二五”规划教材 中国电子教育学会推荐教材
330    @a本书从应用的角度出发,以C5W(CAD、CAM、CAE、CAT、CONTROL、WEB)为纲领,以点带面介绍机电一体化技术的各种关键技术,包括机电系统技术的理论知识、专业技能知识、PLC应用、通信技术、人机界面技术、综合项目设计等。
333    @a高职
606 0  @a机电一体化@x高等职业教育@j教材
606 0  @a机电一体化
690    @aTH-39@v5
701  0 @a江凌云@9jiang ling yun@4编著
801  0 @aCN@b人天书店@c20141124
905    @b980084-87@dTH-39@e41@f4
    
    机电一体化技术实训教程/江凌云编著.-北京:电子工业出版社,2014.09
    297页:图;26cm
    全国高等职业教育规划教材·精品与示范系列 全国高等职业教育“十二五”规划教材 中国电子教育学会推荐教材.-使用对象:高职
    
    ISBN 978-7-121-24404-9:CNY45.00
    本书从应用的角度出发,以C5W(CAD、CAM、CAE、CAT、CONTROL、WEB)为纲领,以点带面介绍机电一体化技术的各种关键技术,包括机电系统技术的理论知识、专业技能知识、PLC应用、通信技术、人机界面技术、综合项目设计等。
●
相关链接 在E读中查询图书 在五车中查询图书 在当当中查询图书 在豆瓣中查询图书


正题名:机电一体化技术实训教程     索取号:TH-39/41         预约/预借

序号 登录号 条形码 馆藏地/架位号 状态 备注
1 980084   209800848   第二样本阅览室/ [索取号:TH-39/41] 在馆    
2 980085   209800857   第三借阅区/ [索取号:TH-39/41] 在馆    
3 980086   209800866   第三借阅区/ [索取号:TH-39/41] 在馆    
4 980087   209800875   密集书库-物理学院/ [索取号:TH-39/41] 在馆    
唐山师范学院图书馆 欢迎您!
大连网信软件有限公司© 版权所有